000
00289nam a2200133Ia 4500
003
Ost
005
20260225132539.0
008
260225s9999||||xx |||||||||||||| ||und||
040
_c
fsic
041
_a
fre
082
_a
509.07
245
0
_a
L'évolution de la recherche /
942
_c
كتاب
999
_c
33366
_d
33366